000 00628nam a2200193Ii 4500
003 JO-AjNU
008 230605s9999||||xx |||||||||||||| ||und||
040 _aJO-AjNU
_bara
_erda
_cJO-AjNU
041 _aara
050 1 4 _aPJ7840.A29.A15 1987
100 3 _aتأليف جبرا،جبرا إبراهيم,
_eauthor
_97019
245 0 0 _aأيام العقاب: سيناريو روائي
264 3 1 _aد.م: د.م، 1998
300 _a147ص
336 _atext
_btxt
_2rdacontent
337 _aunmediated
_bn
_2rdamedia
338 _avolume
_bnc
_2rdacarrier
650 4 _aالأدب العربي - سيناريوهات روائية
_97020
999 _aA67
_c3635
_d3635